[Event "GER-ch U25-B"]
[Site "Willingen"]
[Date "2023.06.02"]
[Round "8"]
[White "Morio, Estelle"]
[Black "Goetz, Timon"]
[Result "1/2-1/2"]
[WhiteElo "1792"]
[BlackElo "1570"]
[PlyCount "60"]
[EventDate "2023.05.27"]
[EventType "swiss"]
[EventRounds "9"]
[EventCountry "GER"]
[SourceTitle "CBM 214 Extra"]
[Source "ChessBase"]
[SourceDate "2023.07.31"]
[SourceVersion "1"]
[SourceVersionDate "2023.07.31"]
[SourceQuality "1"]

1. d4 Nf6 2. Nf3 g6 3. g3 Bg7 4. Bg2 c5 5. e3 0-0 6. 0-0 d6 7. b3 Nbd7 8. Bb2 Rb8 9. c4 a6 10. Nbd2 b5 11. Qc2 Bb7 12. Rfe1 e6 13. Rad1 Qc7 14. dxc5 dxc5 15. Rc1 Rfc8 16. Red1 Bc6 17. Ne1 Bxg2 18. Nxg2 b4 19. Nf3 Qc6 20. Ne5 Nxe5 21. Bxe5 Rb6 22. Rd6 Qb7 23. Rxb6 Qxb6 24. Rd1 Rd8 25. Nf4 Rxd1+ 26. Qxd1 Ne4 27. Bxg7 Kxg7 28. f3 Nc3 29. Qd2 Qa5 30. Qb2 Kg8 1/2-1/2

[Event "GER-ch Youth-B"]
[Site "Willingen"]
[Date "2022.06.06"]
[Round "3"]
[White "Goetz, Timon"]
[Black "Werner, Florin"]
[Result "1-0"]
[WhiteElo "1558"]
[BlackElo "1609"]
[PlyCount "53"]
[EventDate "2022.06.04"]
[EventType "swiss"]
[EventRounds "9"]
[EventCountry "GER"]
[SourceTitle "CBM 208 Extra"]
[Source "ChessBase"]
[SourceDate "2022.07.31"]
[SourceVersion "1"]
[SourceVersionDate "2022.07.31"]
[SourceQuality "1"]

1. c4 c6 2. g3 d5 3. Bg2 Nf6 4. Nf3 dxc4 5. Na3 Qd5 6. Qc2 Be6 7. 0-0 g6 8. h4 h6 9. b3 cxb3 10. Qxb3 Qxb3 11. axb3 Nbd7 12. Nc4 Bg7 13. d4 0-0 14. Bb2 Rfd8 15. Na5 Rdc8 16. Rac1 Bd5 17. Ne5 Nxe5 18. dxe5 Nd7 19. e4 Be6 20. f4 Rab8 21. Ba3 f6 22. Bxe7 fxe5 23. Bd6 Ra8 24. Nxb7 Bxb3 25. Bh3 Rd8 26. Nxd8 Rxd8 27. Bc7 1-0

[Event "GER-ch Net Amateur Gr-B Vor3"]
[Site "Playchess.com INT"]
[Date "2020.04.16"]
[Round "3"]
[White "Goetz, Timon"]
[Black "May, Alexander"]
[Result "1/2-1/2"]
[WhiteElo "1447"]
[BlackElo "1616"]
[PlyCount "90"]
[EventDate "2020.04.16"]
[EventType "swiss (blitz)"]
[EventRounds "9"]
[EventCountry "GER"]
[SourceTitle "CBM 195 Extra"]
[Source "ChessBase"]
[SourceDate "2020.05.31"]
[SourceVersion "1"]
[SourceVersionDate "2020.05.31"]
[SourceQuality "1"]

1. c4 Nf6 2. g3 g6 3. Bg2 Bg7 4. Nc3 d6 5. d3 Nbd7 6. e3 0-0 7. Nge2 c5 8. Rb1 a5 9. a3 Rb8 10. Nb5 b6 11. 0-0 Bb7 12. b4 Bxg2 13. Kxg2 axb4 14. axb4 Ra8 15. Qb3 Ne5 16. Bb2 Nc6 17. bxc5 bxc5 18. Ra1 Qd7 19. Nec3 Nb4 20. Ne2 Rfb8 21. Ra3 Rxa3 22. Bxa3 Ra8 23. Ra1 Ng4 24. h3 Bxa1 25. hxg4 Qxg4 26. Nf4 Bg7 27. Bxb4 cxb4 28. Qxb4 Qd1 29. Nc3 Bxc3 30. Qxc3 Qa4 31. c5 Qc6+ 32. e4 Qxc5 33. Qb2 Rc8 34. Nd5 Qa7 35. g4 e6 36. Nf6+ Kf8 37. Nxh7+ Kg8 38. Nf6+ Kf8 39. g5 Rb8 40. Nd7+ Qxd7 41. Qh8+ Ke7 42. Qf6+ Ke8 43. Qh8+ Ke7 44. Qf6+ Ke8 45. Qh8+ Ke7 1/2-1/2

[Event "GER-ch Net Amateur Gr-B Vor2"]
[Site "Playchess.com INT"]
[Date "2020.04.15"]
[Round "3"]
[White "Goetz, Timon"]
[Black "Lang, Nico"]
[Result "0-1"]
[WhiteElo "1449"]
[BlackElo "1620"]
[PlyCount "116"]
[EventDate "2020.04.15"]
[EventType "swiss (blitz)"]
[EventRounds "9"]
[EventCountry "GER"]
[SourceTitle "CBM 196 Extra"]
[Source "ChessBase"]
[SourceDate "2020.07.31"]
[SourceVersion "1"]
[SourceVersionDate "2020.07.31"]
[SourceQuality "1"]

1. c4 c5 2. g3 e6 3. Bg2 Nc6 4. Nc3 Nf6 5. d3 a6 6. e3 d6 7. Nge2 Be7 8. 0-0 0-0 9. a3 Rb8 10. b3 Bd7 11. Bb2 b5 12. cxb5 axb5 13. a4 b4 14. Nb5 Na5 15. d4 Bxb5 16. axb5 Rxb5 17. dxc5 dxc5 18. Qc2 Nb7 19. Ra4 Nd6 20. Rfa1 Nd5 21. Qc4 Nxc4 22. bxc4 Nb6 23. cxb5 Nxa4 24. Rxa4 Qd1+ 25. Bf1 Qxa4 26. Bxg7 Kxg7 27. b6 b3 28. Nc1 c4 29. b7 Rb8 30. Ne2 Rxb7 31. Nc3 Bb4 32. Nxa4 c3 33. Nxc3 Bxc3 34. Bd3 b2 35. Bb1 Ra7 36. Kg2 Ra1 37. Bc2 b1Q 38. Bxb1 Rxb1 39. h4 Rb2 40. Kf3 Be1 41. e4 Rxf2+ 42. Kg4 Re2 43. Kf4 Bd2+ 44. Kf3 Re1 45. g4 h6 46. h5 Kf6 47. e5+ Rxe5 48. g5+ Rxg5 49. Ke4 Rxh5 50. Kf3 Rh4 51. Kg3 Kg5 52. Kf3 Be1 53. Kg2 Kf4 54. Kf1 Rh2 55. Kg1 Rf2 56. Kh1 Kg3 57. Kg1 Kh3 58. Kh1 Rf1# 0-1

[Event "GER-ch Net Amateur Gr-B Vor2"]
[Site "Playchess.com INT"]
[Date "2020.04.15"]
[Round "4"]
[White "Schmitt, Carsten1111"]
[Black "Goetz, Timon"]
[Result "1-0"]
[WhiteElo "1708"]
[BlackElo "1440"]
[PlyCount "57"]
[EventDate "2020.04.15"]
[EventType "swiss (blitz)"]
[EventRounds "9"]
[EventCountry "GER"]
[SourceTitle "CBM 196 Extra"]
[Source "ChessBase"]
[SourceDate "2020.07.31"]
[SourceVersion "1"]
[SourceVersionDate "2020.07.31"]
[SourceQuality "1"]

1. c4 c5 2. g3 g6 3. Bg2 Bg7 4. Nc3 e6 5. Nf3 Ne7 6. 0-0 Nbc6 7. e4 d6 8. d3 Rb8 9. Rb1 a6 10. a3 b5 11. cxb5 axb5 12. Bg5 0-0 13. Qd2 Re8 14. Nh4 Qc7 15. Bh6 Bh8 16. f4 d5 17. exd5 exd5 18. Nxd5 Nxd5 19. Bxd5 Nd4 20. Rbe1 Bh3 21. f5 Bxf1 22. fxg6 hxg6 23. Rxf1 Re5 24. Bxf7+ Kh7 25. Bxg6+ Kg8 26. Qf2 Ne2+ 27. Kh1 Qc6+ 28. Be4 Rxe4 29. Qf7# 1-0

[Event "GER-ch Net Amateur Gr-B Vor1"]
[Site "Playchess.com INT"]
[Date "2020.04.14"]
[Round "3"]
[White "Mader, Lena"]
[Black "Goetz, Timon"]
[Result "1-0"]
[WhiteElo "1660"]
[BlackElo "1524"]
[PlyCount "65"]
[EventDate "2020.04.14"]
[EventType "swiss (blitz)"]
[EventRounds "9"]
[EventCountry "GER"]
[SourceTitle "EXT 2021"]
[Source "ChessBase"]
[SourceDate "2020.10.23"]
[SourceVersion "1"]
[SourceVersionDate "2020.10.23"]
[SourceQuality "1"]

1. c4 g6 2. Nc3 Bg7 3. g3 e6 4. Bg2 Ne7 5. e3 c5 6. Nge2 0-0 7. 0-0 Nbc6 8. d4 cxd4 9. Nxd4 a6 10. b3 Qc7 11. Bb2 b6 12. Rc1 Bb7 13. Nf3 Rac8 14. Qe2 f5 15. Na4 Nb4 16. Bxg7 Kxg7 17. Qb2+ Kg8 18. Rfd1 Nec6 19. a3 b5 20. cxb5 axb5 21. axb4 bxa4 22. bxa4 Qd8 23. b5 Ne7 24. Ne5 Bxg2 25. Kxg2 Nd5 26. Rxc8 Qxc8 27. Rc1 Qb7 28. Kg1 Ra8 29. Qd4 Nb6 30. Qd6 Nxa4 31. Nxd7 Qb8 32. Qxe6+ Kh8 33. Qf6+ 1-0

[Event "GER-ch Net blitz qual4"]
[Site "Playchess.com INT"]
[Date "2020.03.23"]
[Round "7"]
[White "Goetz, Timon"]
[Black "Fabregas, Oliver"]
[Result "1-0"]
[WhiteElo "1558"]
[BlackElo "1935"]
[PlyCount "133"]
[EventDate "2020.03.23"]
[EventType "swiss (blitz)"]
[EventRounds "9"]
[EventCountry "GER"]
[SourceTitle "CBM 195 Extra"]
[Source "ChessBase"]
[SourceDate "2020.05.31"]
[SourceVersion "1"]
[SourceVersionDate "2020.05.31"]
[SourceQuality "1"]

1. c4 e5 2. g3 Nf6 3. Bg2 g6 4. Nc3 Bg7 5. e3 0-0 6. Nge2 d6 7. 0-0 c6 8. b3 Be6 9. Bb2 a5 10. f4 Qc7 11. Ne4 Nxe4 12. Bxe4 d5 13. cxd5 cxd5 14. Rc1 Qd7 15. Bg2 Nc6 16. fxe5 Nxe5 17. Nf4 Bg4 18. Qc2 Rac8 19. Qb1 Be6 20. Qa1 g5 21. Nh5 f6 22. Rxc8 Rxc8 23. Nxf6+ Bxf6 24. Rxf6 Nd3 25. Rf1 Rc2 26. Bc3 Bh3 27. Qb1 Rxc3 28. dxc3 Ne5 29. Qd1 Bxg2 30. Kxg2 Ng4 31. Qd3 Ne5 32. Qd4 Qe6 33. c4 dxc4 34. bxc4 Qc6+ 35. e4 Qe6 36. Qd8+ Kg7 37. Qf8+ Kg6 38. Qf5+ Qxf5 39. exf5+ Kf6 40. h3 Nxc4 41. g4 Ne3+ 42. Kf2 Nxf1 43. Kxf1 b5 44. Ke2 b4 45. Kd3 Ke5 46. Kc4 Kd6 47. Kb5 h5 48. Kxa5 hxg4 49. hxg4 Ke5 50. Kxb4 Kf4 51. f6 Kxg4 52. f7 Kg3 53. f8Q g4 54. Kc3 Kg2 55. Kd3 g3 56. Ke3 Kh3 57. Qh8+ Kg4 58. Qg7+ Kh3 59. Qh6+ Kg4 60. Qg6+ Kh3 61. Qh5+ Kg2 62. Kf4 Kf2 63. Qf3+ Kg1 64. Qxg3+ Kf1 65. Qh2 Ke1 66. Ke3 Kd1 67. Qd2# 1-0

[Event "GER-ch Net blitz qual4"]
[Site "Playchess.com INT"]
[Date "2020.03.23"]
[Round "2"]
[White "Kosovska, Olena"]
[Black "Goetz, Timon"]
[Result "1/2-1/2"]
[WhiteElo "1881"]
[BlackElo "1558"]
[PlyCount "88"]
[EventDate "2020.03.23"]
[EventType "swiss (blitz)"]
[EventRounds "9"]
[EventCountry "GER"]
[SourceTitle "CBM 195 Extra"]
[Source "ChessBase"]
[SourceDate "2020.05.31"]
[SourceVersion "1"]
[SourceVersionDate "2020.05.31"]
[SourceQuality "1"]

1. e4 c5 2. Nc3 e6 3. f4 Ne7 4. Nf3 Nbc6 5. Bb5 a6 6. Bxc6 bxc6 7. 0-0 g6 8. d3 Bg7 9. Qe1 d5 10. Qh4 d4 11. Ne2 Qc7 12. Ng5 h6 13. Nf3 Bd7 14. Ne5 g5 15. Qh5 Bxe5 16. fxe5 Ng6 17. Rf6 Qxe5 18. Rxg6 fxg6 19. Qxg6+ Ke7 20. Bd2 Be8 21. Bf4 gxf4 22. Qg4 Bh5 23. Qxf4 Qxf4 24. Nxf4 Bg4 25. h3 Raf8 26. Ng6+ Kd6 27. Nxh8 Rxh8 28. hxg4 Rg8 29. Rf1 Rxg4 30. Rf6 Rh4 31. Kf2 Ke5 32. Rf7 Rf4+ 33. Rxf4 Kxf4 34. a3 c4 35. a4 cxd3 36. cxd3 c5 37. a5 e5 38. g3+ Kg4 39. b3 h5 40. Kg2 h4 41. gxh4 Kxh4 42. Kf3 Kg5 43. Kg3 Kh5 44. Kh3 Kg5 1/2-1/2

[Event "GER-ch Net blitz qual3"]
[Site "Playchess.com INT"]
[Date "2020.03.21"]
[Round "7"]
[White "Goetz, Timon"]
[Black "Heiligtag, Matthias"]
[Result "1-0"]
[WhiteElo "1558"]
[BlackElo "1451"]
[PlyCount "29"]
[EventDate "2020.03.21"]
[EventType "swiss (blitz)"]
[EventRounds "9"]
[EventCountry "GER"]
[SourceTitle "CBM 195 Extra"]
[Source "ChessBase"]
[SourceDate "2020.05.31"]
[SourceVersion "1"]
[SourceVersionDate "2020.05.31"]
[SourceQuality "1"]

1. c4 c5 2. g3 g6 3. Bg2 Bg7 4. Nc3 Nc6 5. Nf3 Nf6 6. 0-0 0-0 7. d4 cxd4 8. Nxd4 d5 9. cxd5 Nxd4 10. Qxd4 e6 11. d6 Ne8 12. Qb4 Nxd6 13. Rd1 Be5 14. Nb5 Qc7 15. Nxc7 1-0

[Event "GER-ch Net blitz qual3"]
[Site "Playchess.com INT"]
[Date "2020.03.21"]
[Round "9"]
[White "Rudolf, Thomas"]
[Black "Goetz, Timon"]
[Result "1-0"]
[WhiteElo "2226"]
[BlackElo "1558"]
[PlyCount "86"]
[EventDate "2020.03.21"]
[EventType "swiss (blitz)"]
[EventRounds "9"]
[EventCountry "GER"]
[SourceTitle "CBM 195 Extra"]
[Source "ChessBase"]
[SourceDate "2020.05.31"]
[SourceVersion "1"]
[SourceVersionDate "2020.05.31"]
[SourceQuality "1"]

1. f4 c5 2. b3 g6 3. Bb2 Nf6 4. Nf3 Bg7 5. e3 0-0 6. Be2 d5 7. 0-0 e6 8. Ne5 Nbd7 9. d3 Qc7 10. Bf3 b5 11. Nd2 Nxe5 12. Bxe5 Qb6 13. a4 b4 14. Qe2 Ba6 15. Kh1 Rac8 16. e4 dxe4 17. Nxe4 Nxe4 18. Qxe4 f5 19. Qe2 Rcd8 20. Rae1 Rfe8 21. Bxg7 Kxg7 22. Qe5+ Kg8 23. Qf6 Rd6 24. Re5 Bc8 25. Rfe1 Rf8 26. Qg5 Kg7 27. h4 Qd8 28. Qg3 Qf6 29. Rxc5 Rfd8 30. Ree5 Rd4 31. Rc7+ Kg8 32. Rxa7 Bd7 33. Rc7 Be8 34. Rcc5 Bf7 35. a5 Qg7 36. a6 Qh6 37. a7 Rxf4 38. h5 Qxh5+ 39. Bxh5 Rf1+ 40. Kh2 Be8 41. Bf3 g5 42. Qxg5+ Bg6 43. a8Q Kg7 1-0

[Event "GER-ch U25-B"]
[Site "Willingen"]
[Date "2019.06.12"]
[Round "5"]
[White "Ebeling, Gereon"]
[Black "Goetz, Timon"]
[Result "1/2-1/2"]
[WhiteElo "1588"]
[BlackElo "1408"]
[PlyCount "91"]
[EventDate "2019.06.08"]
[EventType "swiss"]
[EventRounds "9"]
[EventCountry "GER"]
[SourceTitle "CBM 191 Extra"]
[Source "ChessBase"]
[SourceDate "2019.09.30"]
[SourceVersion "1"]
[SourceVersionDate "2019.09.30"]
[SourceQuality "1"]

1. e4 c5 2. Nf3 Nc6 3. d4 cxd4 4. Nxd4 e6 5. a3 Qc7 6. Nc3 a6 7. Be3 b5 8. Be2 Bb7 9. f3 h5 10. Qd2 Nf6 11. h3 Qg3+ 12. Kf1 h4 13. Bf4 Qg6 14. Nxc6 Bxc6 15. Bd6 Nh5 16. Kf2 Bxd6 17. Qxd6 Qg3+ 18. Qxg3 hxg3+ 19. Ke3 g5 20. Bd3 Nf4 21. Rag1 0-0-0 22. Ne2 e5 23. Nxg3 d5 24. exd5 Nxd5+ 25. Kf2 Nf4 26. Rd1 Kc7 27. Be4 Bxe4 28. Nxe4 Rhg8 29. Nf6 Rg6 30. Rxd8 Kxd8 31. Rd1+ Kc8 32. Nd5 Rd6 33. Ne7+ Kc7 34. Rxd6 Kxd6 35. Nf5+ Ke6 36. Ng3 f5 37. Ne2 Nd5 38. Nc1 f4 39. Nd3 a5 40. Nc5+ Kf5 41. Nb7 Ne3 42. Nd6+ Ke6 43. Nxb5 Nd1+ 44. Ke2 Nxb2 45. Nc3 Nc4 46. a4 1/2-1/2